[Event "XXVIII Olimpiadi"]
[Site "Salonicco GRE"]
[Date "1988.11.13"]
[Round "1.1"]
[White "Braga, Fernando Alberto"]
[Black "Al Awadhi, Khalid"]
[Result "1-0"]
[WhiteElo "2430"]
[BlackElo "2200"]
[Annotator "ITA-BRN"]
[PlyCount "61"]
[EventDate "1988.11.13"]

1. d4 Nf6 2. Nf3 g6 3. c4 c5 4. d5 b5 5. cxb5 a6 6. bxa6 Bxa6 7. Nc3 d6 8. e4
Bxf1 9. Kxf1 Bg7 10. g3 O-O 11. Kg2 Nbd7 12. h3 Ra7 13. Re1 Qa8 14. Rb1 Rb8 15.
a3 Nb6 16. b4 Na4 17. Nxa4 Rxa4 18. Bd2 Rxa3 19. bxc5 dxc5 20. Rxb8+ Qxb8 21.
Qc1 Qa7 22. Ne5 Ra2 23. Nc6 Qd7 24. Bg5 h6 25. Bxf6 Bxf6 26. Qxc5 Rd2 27. Rb1
g5 28. Rb8+ Kh7 29. Qe3 Rd1 30. Qf3 Kg6 31. Qxd1 1-0

[Event "XXVIII Olimpiadi"]
[Site "Salonicco GRE"]
[Date "1988.11.13"]
[Round "1.3"]
[White "Arlandi, Ennio"]
[Black "Khonji, A. Hamid"]
[Result "1-0"]
[WhiteElo "2405"]
[BlackElo "2205"]
[Annotator "ITA-BRN"]
[PlyCount "55"]
[EventDate "1988.11.13"]

1. d4 d5 2. c4 e6 3. Nc3 Nf6 4. cxd5 exd5 5. Bg5 Be7 6. e3 Bf5 7. Bxf6 Bxf6 8.
Qb3 Nd7 9. Nxd5 Nb6 10. Nxf6+ Qxf6 11. Qa3 a6 12. Nf3 O-O-O 13. Rc1 Rhe8 14.
Bd3 Bxd3 15. Qxd3 Nd5 16. O-O g5 17. Ne5 h5 18. Qh7 Re7 19. Qxh5 Rh8 20. Qg4+
Re6 21. Rc5 Rh4 22. Qf3 c6 23. Qxd5 Rxh2 24. Kxh2 Qh8+ 25. Kg1 Rh6 26. g3 Rh2
27. Rxc6+ Kb8 28. Nd7+ 1-0

[Event "XXVIII Olimpiadi"]
[Site "Salonicco GRE"]
[Date "1988.11.14"]
[Round "2.1"]
[White "Mariotti, Sergio"]
[Black "Ljubojevic, Ljubomir"]
[Result "1/2-1/2"]
[WhiteElo "2440"]
[BlackElo "2590"]
[Annotator "ITA-YUG"]
[PlyCount "69"]
[EventDate "1988.11.13"]

1. d4 Nf6 2. Nf3 e6 3. g3 c5 4. Bg2 cxd4 5. Nxd4 a6 6. c4 Qc7 7. Nd2 Nc6 8.
Nxc6 dxc6 9. O-O e5 10. Qc2 Be6 11. b3 Be7 12. Bb2 O-O 13. Ne4 Nd7 14. Rad1 f5
15. Bh3 Kh8 16. Qc1 Rad8 17. Ba3 Nf6 18. Nxf6 Bxa3 19. Qxa3 Rxf6 20. Qc5 e4 21.
Rd4 Rxd4 22. Qxd4 c5 23. Qc3 Rf7 24. Rd1 Rd7 25. Rxd7 Bxd7 26. Qd2 Be6 27. f3
exf3 28. exf3 h6 29. Qe3 Qd6 30. f4 b5 31. Bf1 bxc4 32. Bxc4 Bxc4 33. bxc4 Kg8
34. Kf2 Kf7 35. Ke2 1/2-1/2

[Event "XXVIII Olimpiadi"]
[Site "Salonicco GRE"]
[Date "1988.11.14"]
[Round "2.3"]
[White "Godena, Michele"]
[Black "Popovic, Petar"]
[Result "1/2-1/2"]
[WhiteElo "2430"]
[BlackElo "2530"]
[Annotator "ITA-YUG"]
[PlyCount "41"]
[EventDate "1988.11.13"]

1. e4 e6 2. d4 d5 3. Nd2 c5 4. exd5 Qxd5 5. Ngf3 cxd4 6. Bc4 Qd6 7. O-O Nf6 8.
Nb3 Nc6 9. Nbxd4 Nxd4 10. Nxd4 Bd7 11. c3 Be7 12. Qf3 Qc7 13. Bb3 O-O 14. Bg5
Bc6 15. Nxc6 bxc6 16. Rfe1 a5 17. Bc2 Rfd8 18. Rad1 Rd5 19. Bc1 Rad8 20. g3 Bc5
21. Kg2 1/2-1/2

[Event "XXVIII Olimpiadi"]
[Site "Salonicco GRE"]
[Date "1988.11.14"]
[Round "2.4"]
[White "Kovacevic, Vlatko"]
[Black "D'Amore, Carlo"]
[Result "1/2-1/2"]
[WhiteElo "2515"]
[BlackElo "2415"]
[Annotator "ITA-YUG"]
[PlyCount "122"]
[EventDate "1988.11.13"]

1. d4 Nf6 2. Nf3 g6 3. Bg5 Bg7 4. e3 c5 5. Nbd2 d5 6. c3 b6 7. Be2 O-O 8. O-O
Nbd7 9. a4 a6 10. b4 h6 11. Bh4 g5 12. Bg3 Nh5 13. Qb3 c4 14. Qc2 f5 15. Be5 g4
16. Bxg7 Nxg7 17. Ne5 Nxe5 18. dxe5 Qc7 19. f4 a5 20. Rfb1 axb4 21. Rxb4 Bd7
22. Rab1 Rfb8 23. Nf1 Qc5 24. Bd1 Ra6 25. Qf2 b5 26. Qh4 Rab6 27. axb5 Bxb5 28.
Bc2 Kf8 29. h3 gxh3 30. Qxh3 Bd7 31. Rxb6 Rxb6 32. Qf3 Rxb1 33. Bxb1 Qb5 34.
Qd1 Bc6 35. Ng3 Qb6 36. Qc1 Bd7 37. Bc2 Qa5 38. Qb2 Ba4 39. Bxf5 Qc5 40. Kf2
Be8 41. Bg4 h5 42. Bh3 Qc7 43. Ne2 Bd7 44. Nd4 Bxh3 45. gxh3 Qc8 46. Qb5 Qxh3
47. Qxd5 Qh4+ 48. Kf1 Qg4 49. Qa8+ Kf7 50. Qf3 Nf5 51. Kf2 Qh4+ 52. Kg2 Qg4+
53. Kf2 Qh4+ 54. Kf1 Qg4 55. Ke2 Nxd4+ 56. exd4 Qf5 57. Qd5+ Kf8 58. Qa8+ Kf7
59. Qd5+ Kf8 60. Qxc4 Qg4+ 61. Ke3 Qg3+ 1/2-1/2

[Event "XXVIII Olimpiadi"]
[Site "Salonicco GRE"]
[Date "1988.11.15"]
[Round "3.1"]
[White "Zapata, Alonso"]
[Black "Mariotti, Sergio"]
[Result "1-0"]
[WhiteElo "2480"]
[BlackElo "2440"]
[Annotator "ITA-COL"]
[PlyCount "107"]
[EventDate "1988.11.13"]

1. e4 e6 2. d4 d5 3. Nd2 f5 4. exf5 exf5 5. Ndf3 Be7 6. Bd3 Nf6 7. Ne2 O-O 8.
O-O Nc6 9. Nf4 Bd6 10. c4 Bxf4 11. Bxf4 Be6 12. c5 Ne4 13. Re1 g5 14. Bxg5 Nxg5
15. Nxg5 Qxg5 16. Rxe6 Nxd4 17. Re3 Qf6 18. Qh5 Rf7 19. Rae1 Raf8 20. Re5 c6
21. Qh3 Qg5 22. Qe3 Rg7 23. Qxg5 Rxg5 24. Kf1 Rg4 25. h3 Rh4 26. f3 Kg7 27. Kf2
Kg6 28. Re7 Rf7 29. Re8 Rh5 30. f4 Rh4 31. Kg3 Rh6 32. R1e5 b6 33. cxb6 axb6
34. Kf2 Ra7 35. Ke3 Ra4 36. b3 Rb4 37. Kd2 Rh4 38. Ke3 Rxf4 39. a3 Rxb3 40.
Kxf4 Rxd3 41. Rf8 Kg7 42. Ra8 Kf6 43. Re3 Ne6+ 44. Kf3 Rd2 45. Rc8 Rc2 46. h4
d4 47. Re1 Rc3+ 48. Kf2 Nf4 49. Rf8+ Kg7 50. Ree8 Rc2+ 51. Kf3 Ng6 52. Rg8+ Kh6
53. Re6 Kh5 54. Rexg6 1-0

[Event "XXVIII Olimpiadi"]
[Site "Salonicco GRE"]
[Date "1988.11.15"]
[Round "3.2"]
[White "Godena, Michele"]
[Black "Baquero, Luis A."]
[Result "1/2-1/2"]
[WhiteElo "2430"]
[BlackElo "2345"]
[Annotator "ITA-COL"]
[PlyCount "46"]
[EventDate "1988.11.13"]

1. e4 e6 2. d4 d5 3. Nc3 Bb4 4. e5 c5 5. Bd2 Nc6 6. Nb5 Bxd2+ 7. Qxd2 Nxd4 8.
Nxd4 cxd4 9. Nf3 Bd7 10. O-O-O Ne7 11. Nxd4 O-O 12. f4 Qb6 13. h4 a6 14. Rh3
Bb5 15. Rb3 Nc6 16. Bxb5 axb5 17. a3 Ra4 18. Nxb5 Na5 19. Rb4 Rxb4 20. Qxb4 Nc6
21. Qb3 Na5 22. Qb4 Nc6 23. Qb3 Na5 1/2-1/2

[Event "XXVIII Olimpiadi"]
[Site "Salonicco GRE"]
[Date "1988.11.15"]
[Round "3.3"]
[White "Garcia, Gildardo"]
[Black "D'Amore, Carlo"]
[Result "1/2-1/2"]
[WhiteElo "2445"]
[BlackElo "2415"]
[Annotator "ITA-COL"]
[PlyCount "124"]
[EventDate "1988.11.13"]

1. e4 g6 2. d4 Bg7 3. Nf3 d6 4. Bc4 Nf6 5. Qe2 O-O 6. e5 dxe5 7. dxe5 Nd5 8.
O-O c6 9. Re1 Na6 10. a3 Nac7 11. Bb3 Ne6 12. Nbd2 a5 13. Ne4 a4 14. Ba2 b6 15.
Qc4 Bd7 16. Neg5 Nxg5 17. Bxg5 h6 18. Qh4 h5 19. c4 Nc7 20. Bxe7 Qc8 21. Bxf8
Qxf8 22. Qd4 Bg4 23. Qxb6 Ne6 24. Qxc6 Rb8 25. Rab1 Rc8 26. Qd5 Rd8 27. Qe4 Bf5
28. Qc6 Bxb1 29. Bxb1 Nc5 30. e6 Nxe6 31. Qxa4 Bxb2 32. Bxg6 Bc3 33. Re3 Bd4
34. Nxd4 Rxd4 35. g3 h4 36. Bf5 Ng7 37. Qc6 Nxf5 38. Re8 h3 39. Rxf8+ Kxf8 40.
Kf1 Rd1+ 41. Ke2 Nd4+ 42. Kxd1 Nxc6 43. Ke2 Nd4+ 44. Ke3 Nc2+ 45. Kf4 Nxa3 46.
c5 Ke7 47. Kg4 Nc4 48. Kxh3 Nd2 49. Kg4 Ne4 50. c6 Nxf2+ 51. Kf5 Nh3 52. Ke5
Kd8 53. Kd6 Ng5 54. c7+ Kc8 55. Kc6 Ne4 56. Kb6 Nf6 57. h4 Nd5+ 58. Kc6 Nxc7
59. Kd6 Kd8 60. g4 Ke8 61. Ke5 Ke7 62. h5 Kf8 1/2-1/2

[Event "XXVIII Olimpiadi"]
[Site "Salonicco GRE"]
[Date "1988.11.15"]
[Round "3.4"]
[White "Arlandi, Ennio"]
[Black "Henao, Raul Fernando"]
[Result "0-1"]
[WhiteElo "2405"]
[BlackElo "2340"]
[Annotator "ITA-COL"]
[PlyCount "106"]
[EventDate "1988.11.13"]

1. d4 Nf6 2. c4 g6 3. Nc3 d5 4. cxd5 Nxd5 5. e4 Nxc3 6. bxc3 Bg7 7. Bc4 c5 8.
Ne2 Nc6 9. Be3 O-O 10. O-O Qc7 11. Rc1 Rd8 12. Bf4 Qd7 13. d5 Na5 14. Bd3 e6
15. c4 exd5 16. cxd5 b6 17. Qc2 Bb7 18. Bd2 Rac8 19. Bxa5 bxa5 20. Qb3 Qc7 21.
Rc2 Rd6 22. Rfc1 Rb6 23. Qa4 Rb4 24. Qa3 Qb6 25. Nc3 c4 26. Bf1 Bf8 27. Re1 Re8
28. Qc1 Qf6 29. a3 Rb3 30. Bxc4 Rxa3 31. d6 Bxd6 32. Nb5 Rxe4 33. Nxa3 Qe5 34.
Rxe4 Qxh2+ 35. Kf1 Bxe4 36. f3 Bxc2 37. Qxc2 Qh1+ 38. Kf2 Bc5+ 39. Kg3 Qe1+ 40.
Kh3 Bd6 41. f4 Qe3+ 42. g3 Qxa3 43. Qd3 Bf8 44. Qd5 Qe7 45. Qxa5 Qe4 46. Bd5
Qf5+ 47. Kg2 h5 48. Qd2 h4 49. Bb3 Qe4+ 50. Kh3 Qf3 51. Bxf7+ Kxf7 52. Qa2+ Kg7
53. Qa1+ Kh7 0-1

[Event "XXVIII Olimpiadi"]
[Site "Salonicco GRE"]
[Date "1988.11.16"]
[Round "4.1"]
[White "Mariotti, Sergio"]
[Black "Hon Kah Seng, Christie"]
[Result "1/2-1/2"]
[WhiteElo "2440"]
[BlackElo "2235"]
[Annotator "ITA-MAS"]
[PlyCount "71"]
[EventDate "1988.11.13"]

1. d4 Nf6 2. c4 g6 3. Nf3 Bg7 4. g3 O-O 5. Bg2 d6 6. O-O Nc6 7. d5 Na5 8. Nbd2
c5 9. Qc2 Rb8 10. Rb1 e5 11. e4 Nh5 12. a3 b6 13. b4 Nb7 14. Nb3 Qe7 15. Qe2
Bd7 16. Bb2 Rbe8 17. Rbe1 Bh6 18. Nfd2 f6 19. Nc1 cxb4 20. axb4 a5 21. bxa5
bxa5 22. Nd3 Rc8 23. f4 a4 24. Ba3 Nc5 25. fxe5 fxe5 26. Nf3 Nxd3 27. Qxd3 Nf6
28. Rb1 Ng4 29. Rfe1 Be8 30. Rb6 Qa7 31. c5 dxc5 32. Qa6 Qxa6 33. Rxa6 Be3+ 34.
Kh1 Nf2+ 35. Kg1 Ng4+ 36. Kh1 1/2-1/2

[Event "XXVIII Olimpiadi"]
[Site "Salonicco GRE"]
[Date "1988.11.16"]
[Round "4.4"]
[White "Ng, Ek Teong"]
[Black "Tatai, Stefano"]
[Result "0-1"]
[WhiteElo "2205"]
[BlackElo "2365"]
[Annotator "ITA-MAS"]
[PlyCount "56"]
[EventDate "1988.11.13"]

1. d3 d5 2. Nf3 g6 3. g3 Bg7 4. Bg2 c5 5. O-O Nc6 6. Nbd2 e5 7. c4 d4 8. Ne4
Qe7 9. e3 f5 10. Ned2 dxe3 11. fxe3 Nf6 12. Nb3 O-O 13. d4 e4 14. Ng5 b6 15.
Bd2 Rd8 16. Qe2 Ng4 17. d5 Qxg5 18. dxc6 Bxb2 19. Rab1 Be5 20. h4 Qe7 21. Bh3
Nf6 22. Be1 Qc7 23. h5 Qxc6 24. Kg2 Nxh5 25. Bxf5 Bxf5 26. g4 Be6 27. gxh5 Qd7
28. Kh1 Bg4 0-1

[Event "XXVIII Olimpiadi"]
[Site "Salonicco GRE"]
[Date "1988.11.18"]
[Round "5.1"]
[White "Chinchilla, Eugenio"]
[Black "Mariotti, Sergio"]
[Result "0-1"]
[WhiteElo "2360"]
[BlackElo "2440"]
[Annotator "ITA-CRC"]
[PlyCount "38"]
[EventDate "1988.11.13"]

1. d4 e6 2. e4 d5 3. Nc3 Bb4 4. Bd3 dxe4 5. Bxe4 Nf6 6. Bf3 Nbd7 7. Nge2 O-O 8.
Bf4 Bd6 9. Qd2 Bxf4 10. Qxf4 c6 11. O-O Qa5 12. Ne4 Nxe4 13. Bxe4 Qb5 14. Qf3
c5 15. b3 cxd4 16. Nxd4 Qb6 17. Rfd1 f5 18. Bd3 Qxd4 19. Bb5 Qf6 0-1

[Event "XXVIII Olimpiadi"]
[Site "Salonicco GRE"]
[Date "1988.11.18"]
[Round "5.3"]
[White "Maynard, Francis"]
[Black "Godena, Michele"]
[Result "0-1"]
[WhiteElo "2205"]
[BlackElo "2430"]
[Annotator "ITA-CRC"]
[PlyCount "142"]
[EventDate "1988.11.13"]

1. e4 e5 2. Nf3 Nc6 3. Bb5 a6 4. Ba4 Nf6 5. O-O Be7 6. Re1 b5 7. Bb3 O-O 8. d4
d6 9. c3 Bg4 10. d5 Na5 11. Bc2 c6 12. h3 Bc8 13. dxc6 Qc7 14. Bg5 Nc4 15. b3
Nb6 16. Qd3 Qxc6 17. Nbd2 Be6 18. Rac1 Rfc8 19. Bb1 a5 20. Qe2 Nbd7 21. Bd3
Rab8 22. c4 b4 23. Nf1 h6 24. Bd2 Nc5 25. Bc2 Rc7 26. Ne3 Ncxe4 27. Nd5 Nxd2
28. Qxd2 Bxd5 29. cxd5 Qb7 30. Rcd1 Qxd5 31. Qe2 Qc5 32. Bb1 Bf8 33. Nh2 h5 34.
Qf3 Qc6 35. Qf5 Qd7 36. Qg5 Rc5 37. Nf1 Re8 38. Ng3 d5 39. Rxe5 Rxe5 40. Qxe5
Qe6 41. Qd4 g6 42. Qd2 Ne4 43. Nxe4 dxe4 44. Qe3 f5 45. Bd3 Rd5 46. Rd2 Bc5 47.
Bc4 Bxe3 48. Bxd5 Bxd2 49. Bxe6+ Kg7 50. Kf1 Kf6 51. Bd7 h4 52. Ke2 Bc1 53. f3
Ke5 54. fxe4 fxe4 55. Be8 g5 56. Bc6 Kd4 57. Bb7 Bf4 58. Bc6 e3 59. Bb5 Kc3 60.
Bd7 Kb2 61. Kd3 Kxa2 62. Be6 Ka3 63. Bc4 a4 64. bxa4 Kxa4 65. Kc2 Ka3 66. Bd3
b3+ 67. Kd1 Kb2 68. Bc4 Kc3 69. Bf7 e2+ 70. Kxe2 Kc2 71. Bg6+ Kc1 0-1

[Event "XXVIII Olimpiadi"]
[Site "Salonicco GRE"]
[Date "1988.11.19"]
[Round "6.2"]
[White "Braga, Fernando Alberto"]
[Black "Rechlis, Gad"]
[Result "0-1"]
[WhiteElo "2430"]
[BlackElo "2515"]
[Annotator "ITA-ISR"]
[PlyCount "124"]
[EventDate "1988.11.13"]

1. d4 Nf6 2. Nf3 e6 3. Bf4 c5 4. e3 Be7 5. h3 O-O 6. Nbd2 Nc6 7. Bd3 b6 8. c3
Bb7 9. O-O d6 10. Qe2 Re8 11. Rad1 Nd7 12. Bh2 Nf8 13. Rfe1 d5 14. a3 cxd4 15.
exd4 Bd6 16. Nf1 f6 17. Bxd6 Qxd6 18. Ne3 Rad8 19. Ng4 Ne7 20. h4 Neg6 21. g3
Nh8 22. Ne3 Nf7 23. Ng4 Qd7 24. Ne3 Bc6 25. c4 dxc4 26. Bxc4 Qb7 27. Kg2 Be4
28. Bb3 Re7 29. Bc2 Red7 30. Bxe4 Qxe4 31. Qc2 Qxc2 32. Nxc2 e5 33. Rc1 exd4
34. Ncxd4 Rxd4 35. Nxd4 Rxd4 36. Rc8 Ne5 37. f4 Rd2+ 38. Kf1 Ned7 39. Re7 h5
40. Rd8 Kh7 41. b4 Rd3 42. Kg2 b5 43. f5 a6 44. Rf7 Rxa3 45. Rdxd7 Nxd7 46.
Rxd7 Ra4 47. Rd6 Rxb4 48. Rxa6 Rc4 49. Kf3 Rc3+ 50. Kf4 Rc4+ 51. Kf3 b4 52. Rb6
Kg8 53. Rb8+ Kf7 54. Rb7+ Kf8 55. Rb8+ Ke7 56. Rb7+ Kd6 57. Rxg7 Rc7 58. Rg8
Rb7 59. Rd8+ Ke5 60. g4 b3 61. Re8+ Kd6 62. Re6+ Kd7 0-1

[Event "XXVIII Olimpiadi"]
[Site "Salonicco GRE"]
[Date "1988.11.19"]
[Round "6.3"]
[White "Shvidler, Eliahu"]
[Black "Godena, Michele"]
[Result "1-0"]
[WhiteElo "2430"]
[BlackElo "2430"]
[Annotator "ITA-ISR"]
[PlyCount "143"]
[EventDate "1988.11.13"]

1. d4 Nf6 2. Nf3 e6 3. g3 c5 4. Bg2 Nc6 5. O-O cxd4 6. Nxd4 Be7 7. c4 O-O 8.
Nc3 d5 9. cxd5 exd5 10. Be3 Bg4 11. h3 Be6 12. Rc1 Qd7 13. Nxe6 fxe6 14. Qa4 a6
15. Rfd1 b5 16. Qc2 Rac8 17. Qb1 Qe8 18. a3 Qf7 19. Na2 h6 20. Rf1 Qh5 21. Rce1
Ne5 22. Nb4 Nc4 23. Bc1 a5 24. Nd3 Bd6 25. Qa2 Qf7 26. b3 Ne5 27. Qd2 b4 28.
axb4 Nxd3 29. Qxd3 Bxb4 30. Bd2 Qb7 31. Bxb4 axb4 32. Qe3 Kf7 33. Ra1 Ra8 34.
Qd4 Kg8 35. Rfc1 Nd7 36. e4 Rxa1 37. Rxa1 Qb6 38. Qxb6 Nxb6 39. Ra6 Rb8 40.
exd5 exd5 41. Ra5 Rd8 42. Rb5 Rd6 43. Kf1 Kf7 44. Ke2 Ke6 45. Rxb4 Nc8 46. h4
Ne7 47. Bh3+ Ke5 48. Rb7 Kf6 49. b4 g5 50. hxg5+ hxg5 51. b5 Ng6 52. Rd7 Rxd7
53. Bxd7 Ne5 54. Bc8 Nc4 55. Kd3 Ke5 56. Bg4 Nd6 57. b6 Ne4 58. Ke2 Kd6 59. Bc8
Kc6 60. b7 Kc7 61. Ke3 Nd6 62. Be6 Nxb7 63. Bxd5 Nc5 64. Kd4 Kd6 65. Bc4 Nd7
66. Ke4 Ne5 67. Ba2 Ng4 68. f3 Nf2+ 69. Kf5 Nh3 70. Bb1 Ng1 71. Be4 Ne2 72. g4
1-0

[Event "XXVIII Olimpiadi"]
[Site "Salonicco GRE"]
[Date "1988.11.20"]
[Round "7.1"]
[White "Mariotti, Sergio"]
[Black "Korchnoi, Viktor L."]
[Result "1/2-1/2"]
[WhiteElo "2440"]
[BlackElo "2595"]
[Annotator "ITA-SUI"]
[PlyCount "80"]
[EventDate "1988.11.13"]

1. e4 e6 2. d4 d5 3. e5 c5 4. c3 Qb6 5. Nf3 Bd7 6. Be2 Nc6 7. O-O f6 8. dxc5
Bxc5 9. b4 Be7 10. Bf4 Nh6 11. c4 Nf7 12. cxd5 Ncxe5 13. a3 Nxf3+ 14. Bxf3 e5
15. Be3 Qd8 16. Nc3 Nd6 17. Ne4 b6 18. Nc5 bxc5 19. bxc5 O-O 20. cxd6 Bxd6 21.
Qd2 f5 22. Rfc1 e4 23. Be2 f4 24. Bc5 Bxc5 25. Rxc5 Qf6 26. Qc3 Rfc8 27. Qxf6
gxf6 28. Ra5 Rc2 29. Bf1 Kf7 30. Re1 f5 31. Ra6 Rd2 32. Rh6 Kg7 33. Rh4 f3 34.
gxf3 exf3 35. Rf4 Re8 36. Rxe8 Bxe8 37. Rxf3 Rxd5 38. Rc3 Ra5 39. Kg2 Ra4 40.
Bd3 Kf6 1/2-1/2

[Event "XXVIII Olimpiadi"]
[Site "Salonicco GRE"]
[Date "1988.11.20"]
[Round "7.2"]
[White "Zueger, Beat"]
[Black "Braga, Fernando Alberto"]
[Result "1-0"]
[WhiteElo "2445"]
[BlackElo "2430"]
[Annotator "ITA-SUI"]
[PlyCount "77"]
[EventDate "1988.11.13"]

1. d4 Nf6 2. c4 c5 3. d5 e5 4. Nc3 d6 5. e4 Be7 6. Nf3 O-O 7. h3 Na6 8. Bd3 Nc7
9. Be3 Bd7 10. g4 Rb8 11. Qe2 a6 12. a4 b6 13. Rg1 Nfe8 14. h4 Qc8 15. Nd2 Bxh4
16. Kd1 Qd8 17. f4 exf4 18. Bxf4 Bg5 19. e5 Bxf4 20. Qe4 g6 21. Qxf4 dxe5 22.
Qxe5 Qf6 23. Qh2 b5 24. Kc2 Qg7 25. axb5 axb5 26. Ra7 bxc4 27. Bxc4 Qd4 28. Rh1
h5 29. gxh5 Bf5+ 30. Kc1 Nd6 31. hxg6 Bxg6 32. Qxd6 Rxb2 33. Qxg6+ fxg6 34. d6+
Kg7 35. Rxc7+ Kf6 36. Nde4+ Kf5 37. Kxb2 Rb8+ 38. Kc2 Kg4 39. Be2+ 1-0

[Event "XXVIII Olimpiadi"]
[Site "Salonicco GRE"]
[Date "1988.11.20"]
[Round "7.3"]
[White "D'Amore, Carlo"]
[Black "Franzoni, Giancarlo"]
[Result "1-0"]
[WhiteElo "2415"]
[BlackElo "2435"]
[Annotator "ITA-SUI"]
[PlyCount "73"]
[EventDate "1988.11.13"]

1. e4 c5 2. Nf3 e6 3. d3 d5 4. Nbd2 Nc6 5. g3 g6 6. Bg2 Bg7 7. O-O Nge7 8. c3
b6 9. Re1 a5 10. exd5 exd5 11. d4 cxd4 12. Nxd4 Nxd4 13. cxd4 O-O 14. Nf3 Ra7
15. Ne5 Bf5 16. Bf4 f6 17. Nd3 Nc6 18. Be3 Be4 19. Bxe4 dxe4 20. Nf4 Rff7 21.
Qc2 Nb4 22. Qxe4 f5 23. Qe6 g5 24. Rac1 Ra8 25. Nh5 Nd3 26. Nxg7 Kxg7 27. d5
Nxc1 28. Bd4+ Kf8 29. Qe5 Re7 30. Qh8+ Kf7 31. Qxh7+ Ke8 32. Qg6+ Kf8 33. Qxf5+
Rf7 34. Qg6 Re7 35. Re6 Rxe6 36. Bg7+ Kg8 37. Bf6+ 1-0

[Event "XXVIII Olimpiadi"]
[Site "Salonicco GRE"]
[Date "1988.11.21"]
[Round "8.1"]
[White "Panno, Oscar Roberto"]
[Black "Mariotti, Sergio"]
[Result "1/2-1/2"]
[WhiteElo "2485"]
[BlackElo "2440"]
[Annotator "ITA-ARG"]
[PlyCount "44"]
[EventDate "1988.11.13"]

1. d4 e6 2. Nf3 f5 3. g3 Nf6 4. Bg2 Be7 5. O-O O-O 6. b3 a5 7. e3 a4 8. c4 axb3
9. Qxb3 Ne4 10. Nbd2 Nxd2 11. Nxd2 Nc6 12. c5 Na5 13. Qc2 d5 14. cxd6 cxd6 15.
Ba3 Bd7 16. Rfc1 d5 17. Bxe7 Qxe7 18. Qb2 b5 19. Bf1 Nc4 20. Bxc4 bxc4 21. Nb1
Rfb8 22. Qd2 Be8 1/2-1/2

[Event "XXVIII Olimpiadi"]
[Site "Salonicco GRE"]
[Date "1988.11.21"]
[Round "8.2"]
[White "Godena, Michele"]
[Black "Barbero, Gerardo F."]
[Result "0-1"]
[WhiteElo "2430"]
[BlackElo "2505"]
[Annotator "ITA-ARG"]
[PlyCount "74"]
[EventDate "1988.11.13"]

1. e4 e5 2. Nf3 Nc6 3. Bb5 g6 4. c3 a6 5. Ba4 d6 6. d4 Bd7 7. O-O Bg7 8. Re1
Nf6 9. d5 Nb8 10. Bxd7+ Nbxd7 11. c4 O-O 12. Nc3 Nh5 13. Be3 Bf6 14. b4 Be7 15.
Rc1 Ng7 16. c5 f5 17. c6 bxc6 18. dxc6 Nf6 19. Bh6 Nxe4 20. Nxe4 fxe4 21. Rxe4
Rf7 22. Bxg7 Kxg7 23. Rc3 Qb8 24. a4 Qg8 25. Ne1 Raf8 26. f3 Rf4 27. Qe2 Rxe4
28. fxe4 d5 29. Nd3 Bd6 30. h3 Rb8 31. Kh2 Bxb4 32. Rb3 Bd6 33. Rxb8 Qxb8 34.
Qg4 h5 35. Qd7+ Kh6 36. Nf2 Qf8 37. Nd1 Qf4+ 0-1

[Event "XXVIII Olimpiadi"]
[Site "Salonicco GRE"]
[Date "1988.11.21"]
[Round "8.3"]
[White "Rubinetti, Jorge Alberto"]
[Black "D'Amore, Carlo"]
[Result "1/2-1/2"]
[WhiteElo "2415"]
[BlackElo "2415"]
[Annotator "ITA-ARG"]
[PlyCount "113"]
[EventDate "1988.11.13"]

1. d4 g6 2. c4 Bg7 3. Nc3 d6 4. e4 Nf6 5. Be2 O-O 6. Nf3 Bg4 7. Be3 Nfd7 8. Rc1
c5 9. d5 Na6 10. h3 Bxf3 11. Bxf3 Nc7 12. a4 a6 13. Be2 b5 14. axb5 axb5 15.
cxb5 Ra5 16. Qd2 Qb8 17. Bh6 Bxh6 18. Qxh6 Nxb5 19. Bxb5 Rxb5 20. Nxb5 Qxb5 21.
Qd2 f5 22. Qe2 Qa5+ 23. Qd2 Qxd2+ 24. Kxd2 fxe4 25. Ke3 Rb8 26. Rc2 Rb3+ 27.
Ke2 Kf7 28. Rd1 Kf6 29. Rdd2 Nb6 30. Rc3 Rb4 31. f3 Nc4 32. Rdc2 Ne5 33. fxe4
Rxe4+ 34. Kd1 h5 35. Rf2+ Kg5 36. b3 Rd4+ 37. Rd2 Rf4 38. Kc2 Kf5 39. Re3 h4
40. Ree2 g5 41. Rf2 Ng6 42. Kc3 g4 43. Rxf4+ Nxf4 44. hxg4+ Kxg4 45. b4 cxb4+
46. Kxb4 Kg3 47. Kb5 Nxg2 48. Kc6 h3 49. Rd3+ Kg4 50. Kd7 h2 51. Rd1 Ne3 52.
Rh1 Kg3 53. Kxe7 Nc4 54. Rc1 Kf3 55. Ke6 Kg2 56. Rc2+ Kg3 57. Rc3+ 1/2-1/2

[Event "XXVIII Olimpiadi"]
[Site "Salonicco GRE"]
[Date "1988.11.21"]
[Round "8.4"]
[White "Tatai, Stefano"]
[Black "Ricardi, Pablo Oswaldo"]
[Result "1-0"]
[WhiteElo "2365"]
[BlackElo "2405"]
[Annotator "ITA-ARG"]
[PlyCount "149"]
[EventDate "1988.11.13"]

1. d4 Nf6 2. Nf3 g6 3. g3 Bg7 4. Bg2 O-O 5. O-O d5 6. c4 dxc4 7. Na3 c3 8. bxc3
c5 9. Qb3 Nc6 10. Rd1 Na5 11. Qb2 Bd7 12. dxc5 Qc7 13. Be3 Rfd8 14. h3 Ba4 15.
Rd4 Be8 16. Rad1 Nc6 17. R4d3 Ne4 18. Rc1 Qa5 19. Rxd8 Rxd8 20. Nc4 Qa6 21.
Ncd2 Nxd2 22. Nxd2 Na5 23. Qa3 Qb5 24. Rb1 Qa4 25. Rb3 Qxa3 26. Rxa3 Nc6 27.
Rb3 Na5 28. Ra3 Nc6 29. Nc4 Rd1+ 30. Kh2 Rb1 31. Na5 Nxa5 32. Rxa5 a6 33. c6
Bxc6 34. Bxc6 bxc6 35. Rxa6 Bxc3 36. Rxc6 Be5 37. Rc2 f5 38. Kg2 Kf7 39. Bd2
Rd1 40. Bb4 Bf6 41. h4 Ke6 42. Kf3 Kd5 43. a3 Rb1 44. e3 Ra1 45. Ke2 h6 46.
Rd2+ Ke6 47. Kd3 g5 48. hxg5 hxg5 49. Kc4 f4 50. gxf4 gxf4 51. exf4 Kf5 52. Kb5
Kxf4 53. a4 Rb1 54. Rd3 Ke4 55. Ra3 Kd5 56. a5 Bd4 57. Rd3 e5 58. a6 Ra1 59. f3
e4 60. fxe4+ Kxe4 61. Rh3 Kd5 62. Rh5+ Ke6 63. Rh6+ Kd5 64. Rd6+ Ke5 65. Rd8
Ke4 66. Re8+ Kd5 67. Re7 Bf2 68. Rd7+ Ke4 69. Bc3 Ra3 70. Ba5 Ra1 71. Rd2 Be3
72. Re2 Rh1 73. Bd2 Rh5+ 74. Kb4 Rh6 75. Rxe3+ 1-0

[Event "XXVIII Olimpiadi"]
[Site "Salonicco GRE"]
[Date "1988.11.22"]
[Round "9.1"]
[White "Mariotti, Sergio"]
[Black "Yilmaz, Turhan"]
[Result "1-0"]
[WhiteElo "2440"]
[BlackElo "2345"]
[Annotator "ITA-TUR"]
[PlyCount "107"]
[EventDate "1988.11.13"]

1. e4 e5 2. Nf3 Nc6 3. Bc4 Nf6 4. d3 Be7 5. Nbd2 O-O 6. c3 d5 7. Bb3 Bg4 8. h3
Bxf3 9. Qxf3 d4 10. Qe2 g6 11. Nf3 Nh5 12. Ba4 Qd6 13. Bxc6 bxc6 14. cxd4 Qb4+
15. Qd2 exd4 16. Qxb4 Bxb4+ 17. Ke2 Rfd8 18. g4 Ng7 19. Bg5 Rdb8 20. Nxd4 Bc5
21. Nb3 Ne6 22. Be3 Bb6 23. f4 a5 24. f5 Nf8 25. Rab1 Nd7 26. Rhc1 a4 27. Nc5
Bxc5 28. Bxc5 Rb5 29. Bd4 c5 30. Bc3 Re8 31. Ke3 Rb7 32. Kf4 c4 33. dxc4 Nc5
34. Kf3 Nxe4 35. Re1 Nxc3 36. Rxe8+ Kg7 37. Rc1 Nxa2 38. Rc2 Rb3+ 39. Re3 Rb8
40. fxg6 hxg6 41. Rd2 Nb4 42. Re7 c6 43. Ra7 c5 44. Rdd7 Nc6 45. Rxf7+ Kh6 46.
Rh7+ Kg5 47. h4+ Kf6 48. Ra6 Rc8 49. Ke4 a3 50. g5+ Ke6 51. bxa3 Kd6 52. h5
Re8+ 53. Kd3 Re6 54. hxg6 1-0

[Event "XXVIII Olimpiadi"]
[Site "Salonicco GRE"]
[Date "1988.11.22"]
[Round "9.3"]
[White "D'Amore, Carlo"]
[Black "Ipek, Ali"]
[Result "1-0"]
[WhiteElo "2415"]
[BlackElo "2225"]
[Annotator "ITA-TUR"]
[PlyCount "60"]
[EventDate "1988.11.13"]

1. Nf3 Nf6 2. g3 g6 3. b3 Bg7 4. Bb2 c5 5. c4 O-O 6. Bg2 Nc6 7. O-O d6 8. d4
cxd4 9. Nxd4 Bd7 10. Nc3 a6 11. Rc1 Rc8 12. Qd3 Qa5 13. Nxc6 bxc6 14. e4 Qh5
15. f3 Qa5 16. Kh1 Rfd8 17. Qe2 h5 18. c5 Be6 19. f4 Bg4 20. Qe1 Qc7 21. cxd6
exd6 22. f5 gxf5 23. h3 Bh6 24. hxg4 Nxg4 25. Nd5 Qa7 26. Nf6+ Nxf6 27. Bxf6
Re8 28. Rxf5 Re6 29. Bg5 Bg7 30. Qe2 Rg6 1-0

[Event "XXVIII Olimpiadi"]
[Site "Salonicco GRE"]
[Date "1988.11.23"]
[Round "10.2"]
[White "D'Amore, Carlo"]
[Black "Murugan, Krishnamoorthy"]
[Result "0-1"]
[WhiteElo "2415"]
[BlackElo "2455"]
[Annotator "ITA-IND"]
[PlyCount "100"]
[EventDate "1988.11.13"]

1. Nf3 Nf6 2. g3 d5 3. Bg2 e6 4. O-O Be7 5. c4 O-O 6. cxd5 exd5 7. d4 c6 8. Nc3
Bf5 9. a3 Ne4 10. Nxe4 Bxe4 11. Bd2 Nd7 12. Bc3 Bd6 13. Qd2 Qe7 14. Bb4 Rfe8
15. Bxd6 Qxd6 16. Qf4 Qxf4 17. gxf4 Nb6 18. e3 Nc4 19. Ne5 Nd2 20. Rfe1 Nb3 21.
Ra2 f6 22. Bxe4 dxe4 23. Nc4 b5 24. Nd6 Re6 25. Nb7 Re7 26. Nc5 Nxc5 27. dxc5
Rd7 28. b4 a5 29. Ree2 a4 30. Kg2 Kf7 31. f3 f5 32. fxe4 fxe4 33. Kg3 Kf6 34.
Kg4 Rd1 35. Rg2 Rad8 36. f5 Ke5 37. Raf2 R1d3 38. f6 gxf6 39. Rf5+ Ke6 40. Rgf2
Rg8+ 41. Kf4 Rxa3 42. h4 Rb3 43. Rh5 Rg6 44. Kxe4 Rxb4+ 45. Kf3 Rg7 46. Rd2 Rd7
47. Rxd7 Kxd7 48. Rxh7+ Ke6 49. Rc7 a3 50. Rxc6+ Ke5 0-1